Film Charaktere erraten mit Bildern Teil 3 - Statistiken

Allgemein
  • Dieses Quiz wurde 248 mal gespielt
  • Das Durchschnittsergebnis liegt bei 7 aus 16
Antwortstatistiken
Bildquiz Antwort % Korrekt
Rudolph
78%
Hannibal Lecter
75%
Bumblebee
72%
Katniss Everdeen
68%
Jane Porter
62%
Marty McFly
59%
Nick Fury
58%
Beetlejuice
51%
Fuchur
38%
Dorothy Gale
30%
Onkel Fester
29%
He-Man
25%
Frank Drebin
20%
Shredder
20%
Scarlett O' Hara
12%
Foxy Brown
8%
Keine übereinstimmenden Quizze gefunden
Verteilung der Resultate
Anzahl Personen mit jedem Resultat
Perzentil nach korrekt beantworteten Fragen
Ihre Resultats-Entwicklung
Sie haben dieses Quiz noch nicht gespielt